00355nam a2200133Ia 4500003000400000005001700004008004100021020001800062040002900080050002400109100001700133245002900150260004200179OSt20240119124446.0230222s9999||||xx |||||||||||||| ||und|| a9788185392097 cChuka University Library aSBL QH 361bV6 1992 aVolpe, E. P. 0aUnderstanding Evolution  aUniversal Book StallbNew Delhic1992